| 000 | 01533nam a2200373 a 4500 | ||
|---|---|---|---|
| 001 | ebr10182450 | ||
| 003 | CaPaEBR | ||
| 006 | m u | ||
| 007 | cr cn||||||||| | ||
| 008 | 060922s2007 enka s 000 0 eng d | ||
| 010 | _z 2006030782 | ||
| 020 | _z9781843104773 (pbk.) | ||
| 020 | _z1843104776 (pbk.) | ||
| 020 | _z9781846425998 | ||
| 020 | _z1846425999 (eBook) | ||
| 040 |
_aCaPaEBR _cCaPaEBR |
||
| 035 | _a(OCoLC)162139512 | ||
| 050 | 1 | 4 |
_aHV40 _b.T85 2007beb |
| 082 | 0 | 4 |
_a362 _222 |
| 100 | 1 |
_aTufail, John, _d1945- |
|
| 245 | 1 | 0 |
_aListen up! speak up! _h[electronic resource] : _bthe third book of speaking up : a plain text guide to advocacy / _cJohn Tufail and Kate Lyon. |
| 260 |
_aLondon ; _aPhiladelphia : _bJessica Kingsley Publishers, _c2007. |
||
| 300 |
_a53 p. : _bill. (some col.) |
||
| 505 | 0 | _aBe strong for yourself and others -- Roy's story -- Listening -- Points of view -- Speaking up in meetings -- Why don't you practise?. | |
| 533 |
_aElectronic reproduction. _bPalo Alto, Calif. : _cebrary, _d2009. _nAvailable via World Wide Web. _nAccess may be limited to ebrary affiliated libraries. |
||
| 650 | 0 | _aSocial advocacy. | |
| 650 | 0 |
_aPeople with disabilities _xServices for. |
|
| 650 | 0 | _aSelf-help techniques. | |
| 650 | 0 | _aListening. | |
| 655 | 7 |
_aElectronic books. _2local |
|
| 700 | 1 |
_aLyon, Kate, _d1953-2007. |
|
| 710 | 2 | _aebrary, Inc. | |
| 856 | 4 | 0 |
_uhttp://site.ebrary.com/lib/rucke/Doc?id=10182450 _zAn electronic book accessible through the World Wide Web; click to view |
| 999 |
_c143009 _d143009 |
||